000 01136nam a22002777a 4500
005 20170123162333.0
010 _aA-998695
020 _c85.00
_a8123727844
035 _aA-998695
037 _bCen Lib/Ret
040 _aDPL
_bUR
082 _aک
_bپ ہ ن
100 _aپھنشور ناتھ رینو
_9475
245 _aپھنشور ناتھ رینو کی منتخب کہانیاں /
_cپھنشور ناتھ رینو ؛ مرتبہ بھارت یادو ؛ مرتجم الیاس احمد گری
246 _aPhanishwer Nath Renu ki muntakhab kahaniya /
_bby Phanishwer Nath Renu; edited by Bharti Yadav; translated by Ilyas Ahmad Gori
260 _aنیی دہلی
_bنیشنل بوک ٹرسٹ انڈیا
_c1999
270 _aاے-٥، گرین پارک
_bنیی دہلی
_e110016
300 _a297p.
_c21cm(Hb)
650 _a ادب - ہندی
_9122607
650 _a ہندی کہانیاں
_9122608
650 _aLiterature -- Hindi
_983958
650 _aHindi stories
_9122609
700 _aبھارت یادو
_9122610
700 _a الیاس احمد گری
_9122611
942 _2ddc
_cUR
_hک
_mپ ہ ن
999 _c107924
_d107924